Vizuálny systém robota

Gespeichert in:
Bibliographische Detailangaben
1. Verfasser: Knot, Juraj (Verfasst von)
Weitere Verfasser: Jurišica, Ladislav, 1942- (Betreuung Doktorarbeit)
Format: Manuskript Buch
Sprache:Slowakisch
Veröffentlicht: Bratislava : STU v Bratislave FEI, 2003
Schlagworte:
Tags: Tag hinzufügen
Keine Tags, Fügen Sie das erste Tag hinzu!

MARC

LEADER 00000ntm a22000003a 4500
001 stu80978
005 20150617225640.9
008 030616s2003------------------------slo-d
040 |a STU  |b slo 
041 0 |a slo 
100 1 |a Knot, Juraj  |4 aut  |u E130  |U FEI Fakulta elektrotechniky a informatiky  |T FEI Katedra elektroenergetiky  |X 1003002836  |U E130  |Y 59  |7 1003002836 
245 1 |a Vizuálny systém robota 
260 |a Bratislava :  |b STU v Bratislave FEI,  |c 2003 
300 |a 59 s 
650 7 |a automatizácia  |2 stusub 
700 1 |a Jurišica, Ladislav,  |d 1942-  |4 ths  |u E010  |T FEI Ústav riadenia a priemyselnej informatiky  |X 2099  |U E010  |Y E010  |7 A000002099